• 首页
  • 本馆介绍
  • 公告通知
  • 最新文献
  • 馆藏检索
  • 电子资源
  • 读者导购
  • 参考咨询
  • 我的图书馆
  • 登录
  • 详细信息显示
  • 放入我的书架
  • 预约/预借图书
  • 作者相关作品
  • 分类相关作品
  • 丛书相关作品
  • 出版社相关作品

书目信息

  • 表格格式
  • 工作单格式
  • 卡片格式
题名:
军中怪杰
    
 
作者: 野庆裕 编著
分册:  
出版信息: 北京   国防大学出版社  1998.3
页数: 276页
开本: 32开
丛书名: 现代兵种与战争丛书
单 册:
中图分类: E15-51
科图分类:
主题词: 武装力量--世界 , 军种--世界 , 兵种--世界
电子资源:
ISBN: 7-5626-0799-0
000 00708nam2 2200253 45
001 0002220986
005 20031230171610.7
010    @a7-5626-0799-0@dCNY13.60
100    @a20000222d1998 km y0chiy0120 ea
101    @achi
105    @a z 000yy
200 1  @a军中怪杰@AJun Zhong Guai Jie@e特种兵@ETe Zhong Bing@f野庆裕编著
210    @a北京@c国防大学出版社@d1998.3
215    @a276页@d32开
225    @a现代兵种与战争丛书
410    @12001 @a现代兵种与战争丛书
517    @a特种兵@ATe Zhong Bing
606 0  @a武装力量@y世界
606 0  @a军种@y世界
606 0  @a兵种@y世界
690    @aE15-51@v1
701    @a野庆裕@4编著
801    @aCN@bTSTC@c20021101
905    @f5@b285070-074@dE15-51@e18:3
    
    军中怪杰:特种兵/野庆裕编著.-北京:国防大学出版社,1998.3
    276页;32开.-(现代兵种与战争丛书)
    
    
    ISBN 7-5626-0799-0:CNY13.60
    
●
相关链接 在E读中查询图书 在五车中查询图书 在当当中查询图书 在豆瓣中查询图书


正题名:军中怪杰     索取号:E15-51/18:3         预约/预借

序号 登录号 条形码 馆藏地/架位号 状态 备注
1 0285070   002850702   第一借阅区/ [索取号:E15-51/18:3] 在馆    
2 0285071   002850711   第一借阅区/ [索取号:E15-51/18:3] 在馆    
3 0285072   002850720   密集书库/ [索取号:E15-51/18:3] 在馆    
4 0285073   002850739   第一借阅区/ [索取号:E15-51/18:3] 在馆    
5 0285074   002850748   第一样本阅览室/ [索取号:E15-51/18:3] 在馆    
唐山师范学院图书馆 欢迎您!
大连网信软件有限公司© 版权所有